000
00264nam a2200109 a 4500
005
20200930074023.0
008
111024s1948 000 spa d
100
_a
Bazin, Hervé
_9
60564
245
0
_a
Vipére au poing.
260
_a
France,
_c
1948.
999
_c
34461
_d
34461
040
_a
DO-SdBNP